| 000 | 00439nam a2200145Ia 4500 | ||
|---|---|---|---|
| 008 | 230917s9999||||xx |||||||||||||| ||und|| | ||
| 040 |
_e249520 _aMAIN |
||
| 041 | _aEnglish | ||
| 082 | _a891.432741 PM192P | ||
| 100 | _aपूनम कुमारी | ||
| 245 | 0 | _aमृणाल पाण्डे के नाटको में निरूपित समस्याएँ | |
| 260 | _c2013 | ||
| 300 | _a103 p. | ||
| 942 | _cTH | ||
| 999 |
_c127241 _d127241 |
||